| 000 | 01486cam a2200265 4500 | ||
|---|---|---|---|
| 001 | ABS64154 | ||
| 008 | 000000n2001 000 0 eng u | ||
| 035 | _a(Sirsi) u113401 | ||
| 100 | _aSmith, K. | ||
| 245 | 4 | _aThe web builders | |
| 260 | _c2001 | ||
| 490 |
_aProperty Week _v66(25) 22 June 2001, 66-67(2) |
||
| 520 | _aFeature on Land Securities' refurbishment of Portman House using Cadweb for electronic document distribution and control in the construction phase. At the start of the project, the team found Cadweb quite slow and hard to use as it could not be accessed via the internet. The system has since been improved and incorporates an in-built audit trail which flags up who should get drawings and subsequent revisions, retrieved records including when they are opened and whether responses are required, and when changes have been made and by whom which is valuable in valuation and claims situations. Concludes that using Cadweb could save money in similar projects if the electronic system completely replaces the traditional paper chase. Includes brief details of other systems available. | ||
| 590 | _aABS | ||
| 650 | _aLAND SECURITIES | ||
| 650 | _aCADWEB | ||
| 650 | _aDOCUMENT MANAGEMENT | ||
| 650 | _aSOFTWARE | ||
| 650 | _aPORTMAN HOUSE PROJECT | ||
| 650 | _aREFURBISHMENTS | ||
| 650 | _aARCHITECTURAL DRAWINGS | ||
| 650 | _aMANAGEMENT-PROJECT MANAGEMENT | ||
| 690 | _aMANAGEMENT-BUSINESS MANAGEMENT-INFORMATION MANAGEMENT | ||
| 942 | _n0 | ||
| 999 |
_c67562 _d67562 |
||